|
|
|
|
| LEADER |
01054nam a2200301 4500 |
| 001 |
DLU150170507 |
| 005 |
##20150730 |
| 040 |
# |
# |
|a DLU
|b vie
|
| 041 |
# |
# |
|a vie
|
| 044 |
# |
# |
|a vn
|
| 082 |
# |
# |
|a 895.922 300 9
|b NG-D
|
| 100 |
# |
# |
|a Nguyễn Quỳnh Đan.
|
| 245 |
# |
# |
|a Ngôn ngữ nghệ thuật trong truyện ngắn Nguyễn Công Hoan :
|b Tóm tắt Luận văn Thạc sĩ Văn học /
|c Nguyễn Quỳnh Đan; Dương Hữu Biên hướng dẫn.
|
| 260 |
# |
# |
|a Đà Lạt :
|b Trường Đại học Đà lạt,
|c 2014.
|
| 300 |
# |
# |
|a 21 tr. ;
|c 21 cm.
|
| 600 |
# |
# |
|a Nguyễn Công Hoan,
|d 1903-1977.
|
| 650 |
# |
# |
|a Truyện ngắn Việt Nam
|x Lịch sử và phê bình.
|
| 700 |
# |
# |
|a Dương Hữu Biên,
|c TS.
|e hướng dẫn.
|
| 915 |
# |
# |
|a Văn học Việt Nam
|b 60220121
|c Thạc sĩ
|d Trường Đại học Đà lạt
|e Bộ Giáo dục và Đào tạo.
|
| 992 |
# |
# |
|a 0
|
| 994 |
# |
# |
|a DLU
|
| 900 |
# |
# |
|a True
|
| 911 |
# |
# |
|a Đào Thị Thu Huyền
|
| 925 |
# |
# |
|a G
|
| 926 |
# |
# |
|a A
|
| 927 |
# |
# |
|a LA
|
| 980 |
# |
# |
|a Thư viện Trường Đại học Đà Lạt
|